| 000 | 00998nam a2200253 i 4500 | ||
|---|---|---|---|
| 001 | bg | ||
| 245 | 0 | 0 |
_aAdvances in hydro-science and -engineering : _bproceedings of the 5th International Conference on Hydro-Science and Enginnering, Poland, September 18-20, 2002. / _cedts Peter K. Holz[et al.] ; Warsaw University of Technology, Faculty on Environmental Engineering _nVol. 5. |
| 260 |
_aWarszawa : _bUniversity of Technology, _c2002. |
||
| 300 |
_aXXIV, 289 s. : _bil. ; _c21 cm + _eCD ROM. |
||
| 650 | 9 | _aHydrologia | |
| 650 | 9 | _aHydrotechnika | |
| 650 | 9 | _aHydraulika | |
| 655 | _aMateriały konferencyjne | ||
| 700 | 1 |
_aHOLZ, Peter K. _eRed. |
|
| 710 | 0 |
_aPolitechnika Warszawska _bWydział Inżynierii Środowiska |
|
| 710 | 0 |
_aWarsaw University of Technology _bFaculty of Environmental Engineering |
|
| 020 | _a8390617773 | ||
| 040 | _cBPK | ||
| 041 | 0 | _aeng | |
| 080 | _a556:626/627](061) | ||
| 920 | _a83-906177-7-3 | ||
| 942 | _cKS | ||
| 008 | s pl f |000 0 pol | ||
| 999 |
_c43446 _d43446 |
||
| 856 |
_uhttp://koha.tu.koszalin.pl/cgi-bin/koha/opac-detail.pl?biblionumber=43446 _yKatalog online BPK |
||